Responses for Show #8512 - Tuesday, November 16, 2021

Andrew He game 5.

Contestants

[<< previous game]

Rebecca Clark, an administrative assistant and theater director from Santa Cruz, California

Michael Guarnieri, a film critic and conflicts analyst from Louisville, Kentucky

Andrew He, a software developer from San Francisco, California (whose 4-day cash winnings total $137,502)

[next game >>]

Jeopardy! Round responses

LOOK AT THAT MOUNTAIN!
TV CRIME FAMILIES
BOOK TITLES EN FRANCAIS
A PHRASE OF TURN
AMERICAN IDLE
THE X FACTOR
    $200 28
the Matterhorn

Triple Stumper
    $200 13
The Simpsons

Andrew
    $200 24
The Cat in the Hat

Rebecca
    $200 25
(Rebecca: What is snowboarding?)
(Andrew: What is figure skating?)

(downhill) skiing

AndrewRebecca
Triple Stumper
    $200 29
surfing (the web)

Rebecca
    $200 30
the Persian

Andrew
    $400 27
Half Dome

Andrew
    $400 12
Meadow

Rebecca
    $400 18
The Old Man and the Sea

Andrew
    $400 23
reel

Michael
    $400 26
slot machines

Andrew
    $400 22
Nissan

Andrew
    $600 21
the Himalayas

Andrew
    $600 10
Fargo

Michael
    $600 11
Midnight in the Garden of Good and Evil

Rebecca
    $600 20
whirling

Andrew
    $600 19
(Ken: Or [**], if you're not into the whole brevity thing.)

"The Dude" (Duderino)

Andrew
    $600 17
the X-Wing

Michael
    $800 7
Patagonia

Michael
    $800 8
The Wire

Michael
    $800 9
A Wrinkle in Time

Michael
    $800 14
pivot

Triple Stumper
    $800 15
(Michael: What is leisure wear? What is [*]?)
(Ken: No. Oh, yes, you corrected yourself in time...)

leisure suit

Michael
    $800 16
Mexico

Andrew
    $1000 6
Banff

Andrew
    $1000 5
Sons of Anarchy

Andrew
    $1000 4
(Andrew: What is ,Goodbye and...)
...
(Ken: By Douglas Adams.)

So Long, and Thanks for All the Fish

AndrewMichael
    $1000 3
pirouette

Andrew
    $1,000 2
(Ken: Andrew?)
(Andrew: What are sweat lodges?)

hot tubs

Andrew
    $1000 1
Danse macabre

Andrew

Scores at the first commercial break (after clue 15):

Andrew Michael Rebecca
$2,200 $4,800 $1,000

Scores at the end of the Jeopardy! Round:

Andrew Michael Rebecca
$6,400 $5,800 $1,200

Double Jeopardy! Round responses

HISTORIC NAMES
OPERA SOURCE MATERIAL
EXOPLANETS
AIRPORTS
COMEDIANS' CATCHPHRASES
WORDS THAT SHOULD RHYME
    $400 27
Pocahontas & John Rolfe

Michael
    $400 28
Disney

Andrew
    $400 29
hydrogen & helium

Andrew
    $400 17
Las Vegas

Rebecca
    $400 30
(Ken: Well, now I feel old, don't I? That's [*].)

Joan Rivers

Triple Stumper
    $400 26
love & stove

Michael
    $800 23
Bonnie & Clyde

Michael
    $800 22
Verdi

Andrew
    $800 21
(Michael: What is life?)

(liquid) water

MichaelRebecca
    $800 1
O'Hare

Rebecca
    $800 24
Foxworthy

Andrew
    $800 25
onion & Orion

Rebecca
    $1200 20
Sappho

Andrew
    $1200 8
A Midsummer Night's Dream

Andrew
    $1200 11
Methuselah

Andrew
    $1200 2
London Gatwick

Rebecca
    $1200 14
Steve Martin

Michael
    $1200 12
scholar & molar

Michael
    $4,000 6
(Ken: Michael?)
(Michael: What is the Gutenberg Bible?)
...
(Ken: Although Gutenberg was in Mainz as well; that's a good guess.)

the 95 Theses of Martin Luther

Michael
    $1600 7
Turandot

Andrew
    $1600 9
(Michael: Who is Copernicus?)

Kepler

AndrewMichael
    $1600 3
Jakarta

Michael
    $1600 19
Larry the Cable Guy

Andrew
    $1600 18
taco & Waco

Rebecca
    $2000 5
the Andrea Doria

Michael
    $2000 4
Ovid

Michael
    $2000 10
pulsars

Andrew
    $3,000 16
(Rebecca: Ohh...)
(Ken: Rebecca?)
(Rebecca: I got nothing.)

the Rijksmuseum

Rebecca
    $2000 15
Tiffany Haddish

Rebecca
    $2000 13
stein & vein

Andrew

Scores at the end of the Double Jeopardy! Round:

Andrew Michael Rebecca
$21,200 $9,000 $5,800
(lock game)

[wagering suggestions for these scores]

Final Jeopardy! Round responses

MOVIE QUOTES
(Ken: [To Rebecca] 007 is at a gambling table in Dr. No, a woman introduces herself as, "Trench, Sylvia Trench", and then James Bond says those immortal three words.)
...
(Ken: [To Andrew] Was it gonna be Batman? For a second, I thought you wrote, "I'm the baton" and I was trying to figure out what kind of movie that would be.)
RebeccaWhat is Bond, James Bond?
$3,201
MichaelWhat is Bond, James Bond?
$9,000
AndrewWhat is I'm the Batm
$1,337
"Bond, James Bond"

Final scores:

Andrew Michael Rebecca
$19,863 $18,000 $9,001
5-day champion: $157,365 2nd place: $2,000 3rd place: $1,000

Game dynamics:

Coryat scores:

Andrew Michael Rebecca
$22,200 $13,000 $8,800
26 R,
3 W
(including 1 DD)
16 R,
3 W
(including 1 DD)
11 R,
2 W
(including 1 DD)

Combined Coryat: $44,000

[game clues] [game scores] [suggest correction]

Game tape date: 2021-09-28
The J! Archive is created by fans, for fans. Scraping, republication, monetization, and malicious use prohibited; this site may use cookies and collect identifying information. See terms. The Jeopardy! game show and all elements thereof, including but not limited to copyright and trademark thereto, are the property of Jeopardy Productions, Inc. and are protected under law. This website is not affiliated with, sponsored by, or operated by Jeopardy Productions, Inc. Join the discussion at JBoard.tv.